| 000 | 00879nam a2200265 i 4500 | ||
|---|---|---|---|
| 001 | bg | ||
| 100 | 1 |
_aKLIR, George J. _d(1932- ) |
|
| 245 | 1 | 0 |
_aUncertainty and information : _bfoundations of generalized information theory / _cGeorge J. Klir. |
| 260 |
_aNew Jersey : _bWiley Interscience, _c2006. |
||
| 300 |
_a499 s. : _bwykr. ; _c24 cm. |
||
| 504 | _aBibliogr. - Indeks. | ||
| 650 | 9 | _aTeoria informacji | |
| 650 | 9 | _aLogika rozmyta | |
| 650 | 9 | _aZbiory rozmyte | |
| 020 | _a0471748676 | ||
| 020 | _a9780471748670 | ||
| 040 | _cBPK | ||
| 041 | 0 | _aeng | |
| 080 | _a519.72:510.6:510.22 | ||
| 920 | _a0-471-74867-6 | ||
| 920 | _a978-0-471-74867-0 | ||
| 942 | _cKS | ||
| 008 | s pl f |000 0 pol | ||
| 999 |
_c52902 _d52902 |
||
| 856 |
_uhttp://koha.tu.koszalin.pl/cgi-bin/koha/opac-detail.pl?biblionumber=52902 _yKatalog online BPK |
||